LEADER 01384nam 2200433 450 001 9910148707903321 005 20230803015508.0 010 $a1-62257-763-9 035 $a(CKB)3710000000922360 035 $a(MiAaPQ)EBC4743903 035 $a(EXLCZ)993710000000922360 100 $a20161123h20132013 uy| 0 101 0 $aeng 135 $aurcnu|||||||| 181 $2rdacontent 182 $2rdamedia 183 $2rdacarrier 200 00$aAmending the constitution by an article V convention /$fScott J. Hill and Adam Wright, editors 210 1$aNew York :$cNovinka,$d[2013] 210 4$dİ2013 215 $a1 online resource (95 pages) 225 1 $aAmerican Political, Economic, and Security Issues 225 1 $aGovernment procedures and operations 311 $a1-62257-762-0 320 $aIncludes bibliographical references and index. 410 0$aAmerican political, economic, and security issues series. 410 0$aGovernment procedures and operations. 606 $aConstitutional amendments$zUnited States 615 0$aConstitutional amendments 676 $a342.7303 702 $aHill$b Scott J. 702 $aWright$b Adam 801 0$bMiAaPQ 801 1$bMiAaPQ 801 2$bMiAaPQ 906 $aBOOK 912 $a9910148707903321 996 $aAmending the constitution by an article V convention$92907509 997 $aUNINA LEADER 01936oam 2200469M 450 001 9910716102303321 005 20200213070947.1 035 $a(CKB)5470000002519097 035 $a(OCoLC)1065623089 035 $a(OCoLC)995470000002519097 035 $a(EXLCZ)995470000002519097 100 $a20071213d1926 ua 0 101 0 $aeng 135 $aurcn||||||||| 181 $ctxt$2rdacontent 182 $cc$2rdamedia 183 $acr$2rdacarrier 200 10$aGranting to the City of Chicago certain public lands in Fort Dearborn Addition to Chicago. March 26, 1926. -- Committed to the Committee of the Whole House on the State of the Union and ordered to be printed 210 1$a[Washington, D.C.] :$c[U.S. Government Printing Office],$d1926. 215 $a1 online resource (3 pages) 225 1 $aHouse report / 69th Congress, 1st session. House ;$vno. 669 225 1 $a[United States congressional serial set] ;$v[serial no. 8532] 300 $aBatch processed record: Metadata reviewed, not verified. Some fields updated by batch processes. 300 $aFDLP item number not assigned. 606 $aLand titles 606 $aLand titles$xRegistration and transfer 606 $aStreets 606 $aAppellate courts$xRules and practice 608 $aLegislative materials.$2lcgft 615 0$aLand titles. 615 0$aLand titles$xRegistration and transfer. 615 0$aStreets. 615 0$aAppellate courts$xRules and practice. 701 $aWurzbach$b Harry McLeary$f1874-1931$pRepublican (TX)$01386829 801 0$bWYU 801 1$bWYU 801 2$bOCLCO 801 2$bOCLCQ 906 $aBOOK 912 $a9910716102303321 996 $aGranting to the City of Chicago certain public lands in Fort Dearborn Addition to Chicago. March 26, 1926. -- Committed to the Committee of the Whole House on the State of the Union and ordered to be printed$93471278 997 $aUNINA